Estadísticas para Estados de EE. UU. por Fronteras en 30 Segundos

Haz click aquí para tomar la prueba!

Estadísticas generales

  • Esta prueba ha sido tomada 9.494 veces
  • La puntuación promedio es 31 de 50

Respuestas en el mapa

Las respuestas están codificadas por una escala verde-roja en el mapa de la prueba según el % correcto abajo.
Cargando...
 

Estadísticas de respuestas

Estados limítrofesEstado% Correcto
Arizona, Colorado, Oklahoma, Texas, UtahNuevo México
92%
Arkansas, Colorado, Kansas, Misuri, Nuevo México, TexasOklahoma
92%
Arizona, California, Idaho, Oregón, UtahNevada
92%
California, Colorado, Nevada, Nuevo Mexico, UtahArizona
91%
California, Idaho, Nevada, WashingtonOregon
90%
Luisiana, Misisipi, Misuri, Oklahoma, Tennessee, TexasArkansas
89%
Arkansas, Luisiana, Nuevo México, OklahomaTexas
89%
Arizona, Nevada, OregónCalifornia
88%
Arkansas, Misisipi, TexasLuisiana
85%
Montana, Nevada, Oregón, Utah, Washington, WyomingIdaho
82%
Alabama, Florida, Carolina del Norte, Carolina del Sur, TennesseeGeorgia
81%
Florida, Georgia, Misisippi, TennesseeAlabama
80%
Arizona, Colorado, Idaho, Nevada, Nuevo Mexico, WyomingUtah
76%
Colorado, Idaho, Montana, Nebraska, Dakota del Sur, UtahWyoming
76%
Alabama, GeorgiaFlorida
75%
Arizona, Kansas, Nebraska, Nuevo Mexico, Oklahoma, Utah, WyomingColorado
73%
Delaware, Maryland, Nueva Jersey, Nueva York, Ohio, Virginia OccidentalPensilvania
71%
Alabama, Arkansas, Georgia, Kentucky, Misisipi, Misuri, Carolina del Norte, VirginiaTennessee
68%
Colorado, Iowa, Kansas, Misuri, Dakota del Sur, WyomingNebraska
68%
Connecticut, Massachusetts, Nueva Jersey, Pensilvania, VermontNueva York
67%
Iowa, Minnesota, Montana, Nebraska, Dakota del Norte, WyomingDakota del Sur
66%
Arkansas, Illinois, Iowa, Kansas, Kentucky, Nebraska, Oklahoma, TennesseeMisuri
66%
Illinois, Indiana, Misuri, Ohio, Tennessee, Virginia, Virginia OccidentalKentucky
63%
Connecticut, Nuevo Hampshire, Nueva York, Rhode Island, VermontMassachusettss
63%
Idaho, Dakota del Norte, Dakota del Sur, WyomingMontana
62%
Delaware, Nueva York, PensilvaniaNueva Jersey
62%
Massachusetts, Nuevo Hampshire, Nueva YorkVermont
60%
Illinois, Minnesota, Misuri, Nebraska, Dakota del Sur, WisconsinIowa
60%
Massachusetts, Nueva York, Rhode IslandConnecticut
59%
Idaho, OregónWashington
58%
Illinois, Kentucky, Míchigan, OhioIndiana
58%
Colorado, Misuri, Nebraska, OklahomaKansas
57%
Indiana, Kentucky, Míchigan, Pennsylvania, Virginia OccidentalOhio
54%
Georgia, Carolina del Sur, Tennessee, VirginiaCarolina del Norte
52%
Illinois, Iowa, Míchigan, MinnesotaWisconsin
52%
Dakota del Sur, Minnesota, MontanaDakota del Norte
51%
Indiana, Iowa, Kentucky, Misuri, WisconsinIllinois
51%
Kentucky, Maryland, Ohio, Pensilvania, VirginiaVirginia Occidental
50%
Kentucky, Maryland, Carolina del Norte, Tennessee, Virginia OccidentalVirginia
48%
Indiana, Ohio, WisconsinMíchigan
47%
Iowa, Dakota del Norte, Dakota del Sur, WisconsinMinnesota
45%
Alabama, Arkansas, Luisiana, TennesseeMisisipi
44%
Alaska
43%
Maine, Massachusetts, VermontNuevo Hampshire
35%
Delaware, Pensilvania, Virginia, Virginia OccidentalMaryland
35%
Hawái
32%
Georgia, Carolina del NorteCarolina del Sur
31%
Nuevo HampshireMaine
28%
Maryland, Nueva Jersey, PensilvaniaDelaware
24%
Connecticut, MassachusettsRhode Island
15%

Distribución de puntuación

Porcentaje por número respondido

Porcentaje de gente con cada puntuación

Historial de tus puntuaciones

No has tomado esta prueba